000 00455nam a22001697a 4500
005 20180226165251.0
008 160503b xxu||||| |||| 00| 0 eng d
020 _a81-7188420-2
041 _aeng
082 _b1142
_a330.954
100 _aRao Hanumantha C.H. Bhattacharya B.B. Sidharthan N.S.
_9377
245 _aIndian Economy and Society
260 _aNew Delhi
_bAcademic Faundation
_c2005
300 _a439
650 _aManagement
_9241
942 _cBK
999 _c446
_d446